| 000 | 00449nam a2200181Ia 4500 | ||
|---|---|---|---|
| 005 | 20250423094246.0 | ||
| 008 | 250422s9999 xx 000 0 und d | ||
| 020 | _a9788121908184 | ||
| 050 | _aHB 75 .L65/ | ||
| 100 | _aLokanathan, V. | ||
| 245 | 2 | _aA history of economics thought | |
| 260 | _aNew Delhi | ||
| 260 | _bS. Chand & Company Pvt. Ltd. | ||
| 260 | _c2015 | ||
| 300 | _a301 p | ||
| 650 | _a Economics--History. | ||
| 942 | _cBK | ||
| 999 |
_c26731 _d26731 |
||